=LDR 00000nam 2200000 4500 =001 INLIS000000000003891 =005 20130612092207 =008 ***********************************Ind** =035 ##$$0010-061300000003891 =041 ##$$a Ind =082 ##$$a 530.07 =100 ##$$a Kamajaya =245 ##$$a Penuntun belajar fisika berdasarkan kurikulum baru GBPP 1994 untuk sekolah menengah umum, Drs.Kamajaya =260 ##$$a 1995 $b Bandung =300 ##$$a vi, 175 hlm., ilus., 28 cm =650 ##$$a Fisika =650 ##$$a Studi dan pengajaran =850 ##$$a NBPNMAT